000 005730000a22001810004500
003 MACL
005 20160322130139.0
008 160322b xxu||||| |||| 00| 0 eng d
040 _aMACL
_cMACL
041 _aHindi
082 _a070
100 _aसिंह अनुज प्रताप
_948034
245 _aहिन्‍दी-पत्रकारिता स्‍वरूप एवं प्रकार
260 _aनई दिल्‍ली
_bग्रंथकेतन
_c2012
350 _a350
650 _aMedia
_948035
942 _cHIN
_k070
_2ddc
999 _c48218
_d48218